Empleo rural, Estado y políticas públicas en Honduras /

Saved in:
Bibliographic Details
Main Author: Aguilar, Reinelda
Corporate Authors: CSUCA, UNAH
Other Authors: Vigil, Carlos Reyes Gómez, Melba
Format: Text
Published: San José: CSUCA
Tags: Add Tag
No Tags, Be the first to tag this record!

MARC

LEADER 00000 a a2200000 04500
001 20318
003
040
090 |a 084400  
100 |a Aguilar, Reinelda  
110 |a CSUCA  
245 |a Empleo rural, Estado y políticas públicas en Honduras /  |c CSUCA  
260 |a San José:   |b CSUCA  
300 |a 172 p.  
700 |a Vigil, Carlos   |a Reyes Gómez, Melba  
710 |a UNAH  
999 |c 11978  |d 11978